[Event "FIN-chT 1920"]
[Site "Finland"]
[Date "2019.11.24"]
[Round "6.6"]
[White "Montonen, Samu"]
[Black "Sorsa, Nuutti"]
[Result "1/2-1/2"]
[WhiteElo "1974"]
[BlackElo "2210"]
[PlyCount "43"]
[EventDate "2019.09.14"]
[EventType "team-tourn"]
[EventRounds "11"]
[EventCountry "FIN"]
[SourceTitle "CBM 194 Extra"]
[Source "ChessBase"]
[SourceDate "2020.03.31"]
[SourceVersion "1"]
[SourceVersionDate "2020.03.31"]
[SourceQuality "1"]
[WhiteTeam "Kotka KymS"]
[BlackTeam "Turku TuTS"]
[WhiteTeamCountry "FIN"]
[BlackTeamCountry "FIN"]

1. e4 d6 2. d4 Nf6 3. Nc3 e5 4. Nf3 Nc6 5. Bb5 exd4 6. Qxd4 Bd7 7. Bxc6 Bxc6 8. Bg5 Be7 9. 0-0-0 0-0 10. Rhe1 h6 11. Bh4 Nd7 12. Bxe7 Qxe7 13. Nd5 Bxd5 14. exd5 Qf6 15. Qxf6 Nxf6 16. c4 Rfe8 17. h3 a6 18. Rxe8+ Rxe8 19. Re1 Re4 20. b3 Kf8 21. Kd2 Rxe1 22. Nxe1 1/2-1/2

[Event "FIN-chT 1920"]
[Site "Finland"]
[Date "2019.10.19"]
[Round "3.4"]
[White "Lahdelma, Henri"]
[Black "Montonen, Samu"]
[Result "1-0"]
[WhiteElo "2270"]
[BlackElo "1974"]
[PlyCount "71"]
[EventDate "2019.09.14"]
[EventType "team-tourn"]
[EventRounds "11"]
[EventCountry "FIN"]
[SourceTitle "CBM 192 Extra"]
[Source "Chessbase"]
[SourceDate "2019.11.06"]
[SourceVersion "1"]
[SourceVersionDate "2019.11.06"]
[SourceQuality "1"]
[WhiteTeam "Espoo MatSK"]
[BlackTeam "Kotka KymS"]
[WhiteTeamCountry "FIN"]
[BlackTeamCountry "FIN"]

1. d4 Nf6 2. c4 g6 3. Nc3 Bg7 4. e4 d6 5. Nf3 0-0 6. Be2 e5 7. Be3 Ng4 8. Bg5 Qe8 9. h3 f6 10. hxg4 fxg5 11. dxe5 Nc6 12. Nxg5 h6 13. Qd5+ Kh8 14. Nb5 Qe7 15. exd6 cxd6 16. Nxd6 Ne5 17. Nh3 Bxg4 18. Bxg4 Nxg4 19. Rb1 Be5 20. c5 b6 21. b4 Bc3+ 22. Ke2 Nf6 23. Qd3 Be5 24. f3 Nh5 25. Rhd1 Qh4 26. Qd5 Bg7 27. Kd3 Qf6 28. Rb3 Rab8 29. c6 Qe7 30. Kc2 Nf6 31. Qd2 b5 32. Nf4 Kh7 33. Qd3 Qe5 34. Nxg6 Kxg6 35. f4 Qe7 36. e5+ 1-0

[Event "FIN-chT 1819"]
[Site "Finland"]
[Date "2018.11.10"]
[Round "3.8"]
[White "Montonen, Samu"]
[Black "Lammi, Jyri"]
[Result "1/2-1/2"]
[WhiteElo "1968"]
[BlackElo "2099"]
[PlyCount "51"]
[EventDate "2018.09.15"]
[EventType "team-tourn"]
[EventRounds "11"]
[EventCountry "FIN"]
[SourceTitle "CBM 187 Extra"]
[Source "ChessBase"]
[SourceDate "2018.11.04"]
[SourceVersion "1"]
[SourceVersionDate "2018.11.04"]
[SourceQuality "1"]
[WhiteTeam "Kotka KymS"]
[BlackTeam "Helsinki Aatos"]
[WhiteTeamCountry "FIN"]
[BlackTeamCountry "FIN"]

1. e4 e5 2. Nf3 d6 3. d4 Nd7 4. Bc4 c6 5. a4 Be7 6. 0-0 Ngf6 7. Nc3 0-0 8. Bb3 Qc7 9. Re1 a5 10. h3 exd4 11. Nxd4 Nc5 12. Ba2 Re8 13. Bg5 Ne6 14. Bh4 Nf8 15. Qd2 Ng6 16. Bg3 Bd7 17. Rad1 Rad8 18. Nf5 Bxf5 19. exf5 Nf8 20. Ne4 Nxe4 21. Rxe4 Qd7 22. Rde1 d5 23. R4e2 Bb4 24. c3 Rxe2 25. Qxe2 Bc5 26. Qe5 1/2-1/2

[Event "FIN-chT 1819"]
[Site "Finland"]
[Date "2018.09.15"]
[Round "1.7"]
[White "Montonen, Samu"]
[Black "Fieandt, John"]
[Result "0-1"]
[WhiteElo "1968"]
[BlackElo "2159"]
[PlyCount "88"]
[EventDate "2018.09.15"]
[EventType "team-tourn"]
[EventRounds "11"]
[EventCountry "FIN"]
[SourceTitle "CBM 186 Extra"]
[Source "ChessBase"]
[SourceDate "2018.08.24"]
[SourceVersion "1"]
[SourceVersionDate "2018.08.24"]
[SourceQuality "1"]
[WhiteTeam "Kotka KymS"]
[BlackTeam "Jyvaskyla JyS"]
[WhiteTeamCountry "FIN"]
[BlackTeamCountry "FIN"]

1. e4 c5 2. Nc3 Nc6 3. f4 g6 4. Nf3 Bg7 5. Bb5 d6 6. 0-0 e6 7. Bxc6+ bxc6 8. d3 Ne7 9. Qe1 f5 10. e5 0-0 11. Be3 Nd5 12. Kh1 Rb8 13. Rb1 Ba6 14. Qf2 Re8 15. Rfe1 Nxe3 16. Qxe3 d5 17. Qxc5 Qd7 18. Qf2 c5 19. Qxc5 Bf8 20. Qf2 Rec8 21. Rec1 Bc5 22. d4 Be7 23. h3 Rc4 24. Nd2 Rc7 25. Nd1 Rcb7 26. c3 Bd3 27. Ra1 a5 28. Qe3 Ba6 29. c4 dxc4 30. Nxc4 Qd5 31. Nd2 Rb4 32. Nf3 Qe4 33. Qd2 Qa8 34. Nc3 Rxb2 35. Rc2 Rxc2 36. Qxc2 Qc6 37. a3 Rc8 38. Qa2 Qxc3 39. Qxe6+ Kf8 40. Ng5 Qxa1+ 41. Kh2 Bxg5 42. fxg5 Qxa3 43. Qf6+ Ke8 44. Qe6+ Qe7 0-1

[Event "FIN-chT2 Gp1 1718"]
[Site "Finland"]
[Date "2018.01.13"]
[Round "5.2"]
[White "Montonen, Samu"]
[Black "Pesola, Jyrki"]
[Result "1-0"]
[WhiteElo "1954"]
[BlackElo "1905"]
[PlyCount "69"]
[EventDate "2017.09.16"]
[EventType "team-tourn"]
[EventRounds "7"]
[EventCountry "FIN"]
[SourceTitle "EXT 2020"]
[Source "ChessBase"]
[SourceDate "2019.10.17"]
[SourceVersion "1"]
[SourceVersionDate "2019.10.17"]
[SourceQuality "1"]
[WhiteTeam "Kotka KymS II"]
[BlackTeam "Helsinki KS 58 II"]
[WhiteTeamCountry "FIN"]
[BlackTeamCountry "FIN"]

1. e4 c5 2. Nc3 Nc6 3. f4 g6 4. Nf3 Bg7 5. Bb5 Nd4 6. 0-0 a6 7. Bc4 e6 8. d3 Ne7 9. Nxd4 Bxd4+ 10. Kh1 d5 11. Bb3 b5 12. Ne2 Bg7 13. c3 0-0 14. Be3 Qc7 15. Qe1 Bb7 16. Ng3 c4 17. dxc4 bxc4 18. Bc2 dxe4 19. Bxe4 Bxe4 20. Nxe4 Nf5 21. Bc5 Rfd8 22. Qf2 Rab8 23. Ba3 Qc6 24. Rfe1 Rd5 25. Qf3 Rbd8 26. Rad1 Qd7 27. Rxd5 Qxd5 28. Kg1 Qa5 29. Rd1 Rd5 30. Rxd5 Qxd5 31. Qe2 e5 32. fxe5 Bxe5 33. Nf6+ Bxf6 34. Qe8+ Kg7 35. Qf8# 1-0

[Event "Hamina We Bastion A"]
[Site "Hamina"]
[Date "2017.09.24"]
[Round "5"]
[White "Penttila, Tero"]
[Black "Montonen, Samu"]
[Result "0-1"]
[WhiteElo "1987"]
[BlackElo "1954"]
[PlyCount "66"]
[EventDate "2017.09.23"]
[EventType "swiss"]
[EventRounds "5"]
[EventCountry "FIN"]
[SourceTitle "EXT 2022"]
[Source "ChessBase"]
[SourceDate "2021.10.06"]
[SourceVersion "1"]
[SourceVersionDate "2021.10.06"]
[SourceQuality "1"]

1. e4 d6 2. d4 Nf6 3. Nc3 g6 4. Be3 c6 5. f3 b5 6. Qd2 Nbd7 7. Bd3 Bb7 8. Nge2 a6 9. Nd1 e5 10. c3 c5 11. d5 Qc7 12. Nf2 Nh5 13. g4 Ng7 14. h4 h5 15. g5 Be7 16. Ng3 0-0 17. Rg1 Rfb8 18. Be2 Bc8 19. f4 exf4 20. Bxf4 Nb6 21. Nxh5 gxh5 22. g6 f5 23. Be5 dxe5 24. Qh6 Bf6 25. Qh7+ Kf8 26. d6 Qxd6 27. Rd1 Qc7 28. Bxh5 Be6 29. exf5 Bxf5 30. Bg4 Ke7 31. Bxf5 Rh8 32. h5 Rxh7 33. gxh7 Nxf5 0-1

[Event "Hamina We Bastion A"]
[Site "Hamina"]
[Date "2017.09.23"]
[Round "2"]
[White "Kasparova, Tatiana"]
[Black "Montonen, Samu"]
[Result "1-0"]
[WhiteElo "2134"]
[BlackElo "1954"]
[PlyCount "61"]
[EventDate "2017.09.23"]
[EventType "swiss"]
[EventRounds "5"]
[EventCountry "FIN"]
[SourceTitle "EXT 2022"]
[Source "ChessBase"]
[SourceDate "2021.10.06"]
[SourceVersion "1"]
[SourceVersionDate "2021.10.06"]
[SourceQuality "1"]

1. e4 d6 2. d4 Nf6 3. Nc3 g6 4. Nge2 Bg7 5. h3 Nbd7 6. g3 0-0 7. Bg2 c5 8. Be3 Rb8 9. dxc5 dxc5 10. 0-0 a6 11. f4 b6 12. e5 Ne8 13. Qd2 e6 14. Rad1 Qc7 15. Ne4 f6 16. exf6 Ndxf6 17. Ng5 h6 18. Nf3 Bb7 19. f5 Ne4 20. Qc1 g5 21. fxe6 Nxg3 22. Nxg3 Qxg3 23. Bf2 Qc7 24. Rd7 Qc8 25. Bg3 Ra8 26. Rxb7 Qxb7 27. Ne5 Qc8 28. Rxf8+ Bxf8 29. Bxa8 Qxa8 30. Qf1 Nd6 31. Nd7 1-0

[Event "Hamina We Bastion A"]
[Site "Hamina"]
[Date "2017.09.23"]
[Round "1"]
[White "Montonen, Samu"]
[Black "Nyysti, Sampsa"]
[Result "0-1"]
[WhiteElo "1954"]
[BlackElo "2337"]
[PlyCount "58"]
[EventDate "2017.09.23"]
[EventType "swiss"]
[EventRounds "5"]
[EventCountry "FIN"]
[SourceTitle "EXT 2022"]
[Source "ChessBase"]
[SourceDate "2021.10.06"]
[SourceVersion "1"]
[SourceVersionDate "2021.10.06"]
[SourceQuality "1"]

1. e4 e5 2. Nf3 Nc6 3. Bb5 a6 4. Ba4 d6 5. 0-0 Bg4 6. c3 Qf6 7. h3 Bxf3 8. Bxc6+ bxc6 9. Qxf3 Qxf3 10. gxf3 Ne7 11. d4 Ng6 12. Be3 Be7 13. Nd2 0-0 14. dxe5 Nxe5 15. f4 Nd3 16. Nc4 d5 17. Na5 dxe4 18. Nxc6 Bd6 19. f5 Nxb2 20. f6 Rfe8 21. fxg7 f5 22. Nd4 f4 23. Bc1 Nd3 24. Bd2 Kxg7 25. Rad1 Kf6 26. Bc1 Rg8+ 27. Kh1 Rg6 28. Rxd3 exd3 29. Rd1 c5 0-1

[Event "Lahti We LahS A"]
[Site "Lahti"]
[Date "2017.08.20"]
[Round "3"]
[White "Aijala, Jouko"]
[Black "Montonen, Samu"]
[Result "1/2-1/2"]
[WhiteElo "2086"]
[BlackElo "1954"]
[PlyCount "55"]
[EventDate "2017.08.19"]
[EventType "swiss"]
[EventRounds "4"]
[EventCountry "FIN"]
[SourceTitle "EXT 2022"]
[Source "ChessBase"]
[SourceDate "2021.10.06"]
[SourceVersion "1"]
[SourceVersionDate "2021.10.06"]
[SourceQuality "1"]

1. e4 d6 2. d4 Nf6 3. Nc3 g6 4. Bg5 Bg7 5. f4 h6 6. Bxf6 Bxf6 7. Nf3 c6 8. Qd2 Qa5 9. 0-0-0 Bg4 10. Kb1 Bg7 11. e5 d5 12. Be2 b5 13. Rde1 e6 14. h3 Bxf3 15. Bxf3 Qb6 16. g4 Nd7 17. f5 c5 18. fxe6 fxe6 19. Qd3 0-0-0 20. dxc5 Qxc5 21. Qxg6 Qe7 22. Qd3 Nxe5 23. Qe2 Qc5 24. Bg2 a6 25. Rhf1 Rhe8 26. Qf2 Qc7 27. Qg3 Re7 28. Re2 1/2-1/2

[Event "FIN-chT1B 1415"]
[Site "Finland"]
[Date "2014.11.15"]
[Round "3.7"]
[White "Montonen, Samu"]
[Black "Kyburz, Stefan"]
[Result "1-0"]
[WhiteElo "1954"]
[BlackElo "2026"]
[PlyCount "65"]
[EventDate "2014.09.27"]
[EventType "team-tourn"]
[EventRounds "7"]
[EventCountry "FIN"]
[SourceTitle "EXT 2017"]
[Source "ChessBase"]
[SourceDate "2016.10.25"]
[SourceVersion "1"]
[SourceVersionDate "2016.10.25"]
[SourceQuality "1"]
[WhiteTeam "Kotka KymS"]
[BlackTeam "Helsinki HSK"]
[WhiteTeamCountry "FIN"]
[BlackTeamCountry "FIN"]

1. e4 e6 2. d4 d5 3. Nd2 c5 4. exd5 Qxd5 5. Ngf3 cxd4 6. Bc4 Qd6 7. 0-0 Nf6 8. Nb3 Nc6 9. Nbxd4 Nxd4 10. Nxd4 Bd7 11. Be3 a6 12. Qe2 Qc7 13. Rfe1 Ng4 14. Qxg4 Qxc4 15. Qg3 0-0-0 16. Rad1 Bb4 17. c3 Ba5 18. Qxg7 Rhg8 19. Qxf7 Rdf8 20. Qxh7 e5 21. Ne2 Bg4 22. Rd2 Bxe2 23. Rexe2 Qg4 24. g3 Rh8 25. Qe7 Qh3 26. f4 exf4 27. Qc5+ Bc7 28. Bxf4 Rf7 29. Rf2 Re8 30. Rd1 Qg4 31. Rdf1 Qg7 32. Bxc7 Rxc7 33. Qa7 1-0